00450nam a2200193Ia 4500003000400000005001700004008004100021020001800062040000700080041000800087082001900095100001800114245002100132260004000153300001200193365001300205650001400218650002400232OSt20230425124612.0210423s2011 xx 000 0 und d a9788130917634 cAL aeng a332223b RILP aRILEY (Pippa) aManaging finance aNew DelhibViva Books Pvt Ltdc2011 a274bPB b325cINR aEconomics aFinancial Economics